00740 2200181 4500245006100000250001100061100002600072700002300098700002000121650004300141005001900184260003600203041001400239084000800253300002300261500026500284336000900549 aBeginilah Rasanya KenyataancRoby, Kimberla LawsonhText aCet. 1 aRoby, Kimberla Lawson aEsther S. Mandjani aDaru Susilowati aFiksi Inggris (dalam Bahasa Indonesia) a20231011114014 aBatambKarisma Publishingc2005 aIndonesia a823 a449 hlm. :c18 cm. aDari luar, Anise kelihatannya memiliki semuanya; karir yang sukse, perkawinan, yang kokoh, dan teman teman yang baik. tetapi ketika ia melamar untuk kenaikan jabatan di tempat kerjanya, ia kalah oleh rekan kerja kulit putih yang kualifikasinya jauh dibawahnya. atext